书目信息 |
| 题名: |
雇佣兵13条军规
|
|
| 作者: | 叶日者 著 | |
| 分册: | ||
| 出版信息: | 北京 中国三峡出版社 2005.11 |
|
| 页数: | 190页 | |
| 开本: | 21cm | |
| 丛书名: | ||
| 单 册: | ||
| 中图分类: | C912.1-49 | |
| 科图分类: | ||
| 主题词: | 人际关系学--ren ji guan xi xue--通俗读物 | |
| 电子资源: | ||
| ISBN: | 7-80099-698-0 | |
| 000 | 01005nam0 2200229 450 | |
| 001 | 012006725942 | |
| 005 | 20060912161240.54 | |
| 010 | @a7-80099-698-0@dCNY16.80 | |
| 100 | @a20060619d2005 km y0chiy0120 ea | |
| 101 | 0 | @achi |
| 102 | @aCN@b110000 | |
| 105 | @ay z 000yy | |
| 200 | 1 | @a雇佣兵13条军规@Agu yong bing 13 tiao jun gui@e一本针对中国企业和员工最有效绩的管理励志读物@f叶日者著@Fye ri zhe zhu |
| 210 | @a北京@c中国三峡出版社@d2005.11 | |
| 215 | @a190页@d21cm | |
| 330 | @a本书是根据一个老兵的回忆感受写成的,对其中的观点事例进行了改编,告诫人们要以一种“雇佣兵”的心态锤炼自己,获得先机,掌握自己的生活,控制每一个变化的人,让自己在职业的“战场”上百战百胜。 | |
| 517 | 1 | @a一本针对中国企业和员工最有效绩的管理励志读物@Ayi ben zhen dui zhong guo qi ye he yuan gong zui you xiao ji de guan li li zhi du wu |
| 606 | 0 | @a人际关系学@Aren ji guan xi xue@j通俗读物 |
| 690 | @aC912.1-49@v4 | |
| 701 | 0 | @a叶日者@Aye ri zhe@4著 |
| 801 | 0 | @aCN@bQSSK@c20060912 |
| 905 | @a10447@dC912.1-49@eY455 | |
| 雇佣兵13条军规:一本针对中国企业和员工最有效绩的管理励志读物/叶日者著.-北京:中国三峡出版社,2005.11 |
| 190页;21cm |
| ISBN 7-80099-698-0:CNY16.80 |
| 本书是根据一个老兵的回忆感受写成的,对其中的观点事例进行了改编,告诫人们要以一种“雇佣兵”的心态锤炼自己,获得先机,掌握自己的生活,控制每一个变化的人,让自己在职业的“战场”上百战百胜。 |
| ● |
| 相关链接 |
|
|
|
正题名:雇佣兵13条军规
索取号:C912.1-49/Y455
 
预约/预借
| 序号 | 登录号 | 条形码 | 馆藏地/架位号 | 状态 | 备注 |
| 1 | 589450 | 205894503 | 社科库509/509社科库 58排4列6层/ [索取号:C912.1-49/Y455] | 在馆 | |
| 2 | 589451 | 205894512 | 社科库509/509社科库 58排4列6层/ [索取号:C912.1-49/Y455] | 在馆 | |
| 3 | 589452 | 205894521 | 社科库509/509社科库 58排4列6层/ [索取号:C912.1-49/Y455] | 在馆 |